| 000 | 00000nam 2200000za 4500 |
| 001 | 9.851314 |
| 003 | CaOODSP |
| 005 | 20221107154344 |
| 007 | cr ||||||||||| |
| 008 | 180207s2018 onca ob f000 0 fre d |
| 020 | |a9780660249339 |
| 022 | |z2561-181X |
| 040 | |aCaOODSP|bfre |
| 043 | |an-cn--- |
| 086 | 1 |aFA1-26/2018-1-3F-PDF |
| 110 | 1 |aCanada. |bBureau du vérificateur général. |
| 245 | 13|aLa conservation de la biodiversité |h[ressource électronique] : |brapport de l'auditeur indépendant. |
| 260 | |a[Ottawa] : |bBureau du vérificateur général du Canada, |c2018. |
| 300 | |aiii, 39 p. : |bill. en coul. |
| 490 | 1 |aRapports de la commissaire à l'environnement et au développement durable au Parlement du Canada, |x2561-1828 ; |vprintemps 2018, rapport 3 |
| 500 | |aPubl. aussi en anglais sous le titre : Conserving biodiversity: independent auditor's report. |
| 504 | |aComprend des références bibliographiques. |
| 520 | |a« L’audit visait à déterminer si Environnement et Changement climatique Canada avait assuré un leadership et une coordination à l’échelle nationale dans le but de conserver la biodiversité canadienne. Nous avons aussi examiné si les ministères et organismes fédéraux responsables s’employaient à atteindre les objectifs retenus aux fins de l’audit en matière de conservation de la biodiversité. Les ministères et organismes fédéraux que nous avons audités sont les suivants : Environnement et Changement climatique Canada; Agriculture et Agroalimentaire Canada; Pêches et Océans Canada; Parcs Canada; Statistique Canada » -- Objet de l'audit, p. 6. |
| 530 | |aÉgalement publ. en version imprimée. |
| 693 | 4|aCanada. Environnement et changement climatique Canada |
| 693 | 4|aVérification |
| 693 | 4|aDiversité biologique |
| 693 | 4|aConservation de la nature |
| 710 | 1 |aCanada. |bCommissaire à l'environnement et au développement durable. |
| 775 | 08|tConserving biodiversity |w(CaOODSP)9.851288 |
| 776 | 0#|tLa conservation de la biodiversité |w(CaOODSP)9.851315 |
| 830 | #0|aRapports de la commissaire à l'environnement et au développement durable au Parlement du Canada,|x2561-1828 ; |vprintemps 2018, rapport 3.|w(CaOODSP)9.842752 |
| 856 | 40|qPDF|s691 Ko|uhttps://publications.gc.ca/collections/collection_2018/bvg-oag/FA1-26-2018-1-3-fra.pdf |